000 01031nam0a22002771 4500
001 rc\4109904
005 20130415170635.3
021 _aRU
_b[56-21028]
035 _a(NLR Aleph) 008144880
090 _a9508161
_c9508161
100 _a20130415d1956 |||y0rusy50 ca
101 0 _arus
102 _aRU
105 _aab z |||||
200 1 _aОпределение элементов приливо-отливных явлений в штурманской практике
210 _aМосква
_cМор. транспорт
_d1956
215 _a86 с., 5 л. табл., карт.
_cчерт., карт.
_d22
320 _aБиблиогр.: с. 85
606 _aПриливы и отливы
_2psbo
606 _aНавигационные инструменты и приборы
_xЭксплуатация
_2psbo
700 1 _aНемчиков
_bВ. И.
_f1926-1997
_gВладимир Иванович
801 0 _aRU
_bNLR
_gpsbo
801 1 _aRU
_bELAR
_2rusmarc
852 _aNLR
_jТ90 Г-6/380
942 _cBOOK
980 _aNB